00435nam a2200181Ia 4500003000400000005001700004008004100021020001700062040000700079041000800086082002200094100002500116245003700141250000600178260003700184300001900221365001300240OSt20230324122657.0210423s2008 xx 000 0 und d a100070221162 cAL aeng a658.15 223bBRER aBREALEY (Richard A). aPrinciples of corporate finance. a8 aNew DelhibTata McGrawhillc2008 axxvii,1039bPB b560cINR